Черная металлургия. 1984, Вып.2: Черная металлургия Канады (Запись № 1967500)

Подробности
000 -МАРКЕР
контрольное поле 01687nam2a22002651 4500
001 - ИДЕНТИФИКАТОР ЗАПИСИ
контрольное поле RU\NLR\INFOCOMM18\1000237494
005 - ИДЕНТИФИКАТОР ВЕРСИИ
контрольное поле 20250617035413.0
035 ## - ДРУГИЕ СИСТЕМНЫЕ НОМЕРА
Идентификатор записи (NLR Aleph) 002428059
100 ## - ДАННЫЕ ОБЩЕЙ ОБРАБОТКИ
Данные общей обработки 20050126d1984 |||y0rusy50 ca
101 0# - ЯЗЫК РЕСУРСА
Язык текста, звукозаписи и т.д. русский
102 ## - СТРАНА ПУБЛИКАЦИИ ИЛИ ПРОИЗВОДСТВА
Страна публикации российская федерация
105 ## - ПОЛЕ КОДИРОВАННЫХ ДАННЫХ: ТЕКСТОВЫЕ МАТЕРИАЛЫ, МОНОГРАФИЧЕСКИЕ
Кодированные данные о монографическом текстовом документе y |||||||||
200 1# - ЗАГЛАВИЕ И СВЕДЕНИЯ ОБ ОТВЕТСТВЕННОСТИ
Основное заглавие Черная металлургия Канады
Первые сведения об ответственности Т.В. Рогачева
210 ## - ПУБЛИКАЦИЯ, РАСПРОСТРАНЕНИЕ И ДР.
Дата издания, распространения и т.д. 1984
Место издания, распространения и т.д. Б. м.
423 #0 - ИЗДАЕТСЯ В ОДНОЙ ОБЛОЖКЕ ВМЕСТЕ С ...
Встроенное поле 2001#$aЧерная металлургия Бельгии, Нидерландов и Люксембурга$fЕ.А. Каплунова, Н.Э. Хижная
-- 700#1$aКаплунова$bЕ.А.$4070
-- 701#1$aХижная$bН.Э.$4070
Заглавие Черная металлургия Бельгии, Нидерландов и Люксембурга
Автор Каплунова, Е.А.
461 #0 - УРОВЕНЬ НАБОРА
Встроенное поле 001RU\NLR\INFOCOMM18\1000237477
-- 2001#$aЧерная металлургия$eОбзор. информ.$hСерия 22$iЭкономика и организация труда в черной металлургии$fЦНИИ информации и техн.-экон. исслед. черной металлургии$v1984, Вып.2
Системный номер (АБИС) связанной записи 1967359
Место публикации М.
Дата публикации 1979-
Первые сведения об ответственности ЦНИИ информации и техн.-экон. исслед. черной металлургии
Номер части Серия 22
Заглавие части Экономика и организация труда в черной металлургии
Сведения, относящиеся к заглавию Обзор. информ.
Заглавие Черная металлургия
Номер тома 1984, Вып.2
700 #1 - ИМЯ ЛИЦА - ПЕРВИЧНАЯ ОТВЕТСТВЕННОСТЬ
Начальный элемент ввода Рогачева
Часть имени, кроме начального элемента ввода Т.В.
Код отношения Автор
801 #1 - ИСТОЧНИК ЗАПИСИ
Страна российская федерация
Организация InfoComm
Дата составления 20050126
801 #0 - ИСТОЧНИК ЗАПИСИ
Страна российская федерация
Организация NLR
Правила каталогизации PSBO
852 ## - МЕСТОНАХОЖДЕНИЕ И ШИФР ХРАНЕНИЯ
Идентификатор организации NLR
Шифр хранения (Call Number) П22/4838
942 ## - ДОПОЛНИТЕЛЬНЫЕ ЭЛЕМЕНТЫ ЗАПИСИ (АБИС)
Тип экземпляра АБИС Выпуск
980 ## - КОЛЛЕКЦИЯ
Название коллекции Национальная библиография
980 ## - КОЛЛЕКЦИЯ
Название коллекции Русская периодика

Нет доступных экземпляров.